[Event "Victoria Grand Pacific op"]
[Site "Victoria"]
[Date "2023.04.07"]
[Round "1"]
[White "James, Rowan"]
[Black "Doknjas, Neil"]
[Result "1/2-1/2"]
[WhiteElo "1853"]
[BlackElo "2026"]
[PlyCount "129"]
[EventDate "2023.04.07"]
[EventType "swiss"]
[EventRounds "6"]
[EventCountry "CAN"]
[SourceTitle "CBM 213 Extra"]
[Source "ChessBase"]
[SourceDate "2023.05.31"]
[SourceVersion "1"]
[SourceVersionDate "2023.05.31"]
[SourceQuality "1"]

1. e4 c5 2. Nf3 Nf6 3. Nc3 d6 4. Bb5+ Bd7 5. Bxd7+ Qxd7 6. 0-0 Nc6 7. d4 cxd4 8. Nxd4 g6 9. f3 Bg7 10. Be3 0-0 11. Qd2 Rfc8 12. Nce2 d5 13. Nxc6 bxc6 14. exd5 cxd5 15. c3 Rab8 16. Rfd1 a5 17. Rac1 Qb5 18. Rc2 e6 19. Bd4 a4 20. Be5 Rb7 21. Nd4 Qc5 22. Kh1 Ne8 23. Bxg7 Kxg7 24. Qf4 Qc7 25. Ne2 Qxf4 26. Nxf4 Nd6 27. Nd3 Nc4 28. Re2 Rb6 29. a3 g5 30. Nb4 h5 31. Rd4 f5 32. h4 Kf6 33. Kh2 Rb5 34. hxg5+ Kf7 35. Rh4 e5 36. Rxh5 Kg6 37. Rh6+ Kxg5 38. Ra6 e4 39. Rxa4 Rh8+ 40. Kg1 e3 41. b3 Nd2 42. Rxe3 Nxb3 43. Ra7 d4 44. cxd4 Nxd4 45. Rd7 f4 46. Rd3 Nf5 47. R3d5 Rxd5 48. Rxd5 Kg6 49. Nd3 Kg5 50. a4 Rb8 51. a5 Rb1+ 52. Kh2 Ra1 53. Nc5 Kf6 54. Nd3 Ra4 55. a6 Kg5 56. Nc5 Ra2 57. Ne6+ Kf6 58. Nxf4 Rxa6 59. Rd2 Ra4 60. Nd5+ Kg5 61. g4 Nh4 62. Kg3 Nxf3 63. Kxf3 Rxg4 64. Rg2 Rxg2 65. Kxg2 1/2-1/2

[Event "Richmond Keres Memorial 44th"]
[Site "Richmond"]
[Date "2019.05.20"]
[Round "6"]
[White "James, Rowan"]
[Black "Mohammed Qanee, Arpak Worya"]
[Result "0-1"]
[WhiteElo "1940"]
[BlackElo "2194"]
[PlyCount "58"]
[EventDate "2019.05.18"]
[EventType "swiss"]
[EventRounds "6"]
[EventCountry "CAN"]
[SourceTitle "CBM 190 Extra"]
[Source "ChessBase"]
[SourceDate "2019.07.15"]
[SourceVersion "1"]
[SourceVersionDate "2019.07.15"]
[SourceQuality "1"]

1. e4 c5 2. Nf3 Nc6 3. d3 g6 4. g3 Bg7 5. Bg2 Nf6 6. 0-0 d6 7. Nc3 0-0 8. Re1 e5 9. h3 Rb8 10. Nh2 b5 11. f4 Nh5 12. Ne2 Nd4 13. Nxd4 cxd4 14. Qf3 Qc7 15. Re2 f5 16. exf5 Bb7 17. Qf2 Rxf5 18. Nf3 Rbf8 19. g4 Rxf4 20. Bxf4 Nxf4 21. Rf1 Bh6 22. Ree1 Nd5 23. Qh4 Be3+ 24. Kh1 Nf4 25. Qg3 Qxc2 26. Nh4 Nxg2 27. Rxf8+ Kxf8 28. Nxg2 Kg7 29. Rf1 Qxd3 0-1

[Event "Victoria Taylor Memorial"]
[Site "Victoria"]
[Date "2018.10.28"]
[Round "4"]
[White "Moffat, Andrei"]
[Black "James, Rowan"]
[Result "1/2-1/2"]
[WhiteElo "2135"]
[BlackElo "1897"]
[PlyCount "98"]
[EventDate "2018.10.26"]
[EventType "swiss"]
[EventRounds "5"]
[EventCountry "CAN"]
[SourceTitle "EXT 2022"]
[Source "ChessBase"]
[SourceDate "2021.10.06"]
[SourceVersion "1"]
[SourceVersionDate "2021.10.06"]
[SourceQuality "1"]

1. e4 e5 2. Bc4 Nc6 3. d3 Nf6 4. Nf3 Be7 5. 0-0 0-0 6. Re1 d6 7. c3 a6 8. Bb3 Be6 9. Bc2 Nd7 10. Nbd2 d5 11. Nf1 dxe4 12. dxe4 Nf6 13. Qe2 Bc5 14. Ne3 Ng4 15. Nxg4 Bxg4 16. h3 Be6 17. Ng5 Qe7 18. Qh5 h6 19. Nxe6 Qxe6 20. Bb3 Qf6 21. Be3 Bd6 22. g4 Be7 23. Kh2 Rad8 24. Qf5 g5 25. Qxf6 Bxf6 26. Bd5 Rd7 27. b4 Nd8 28. Red1 Re8 29. a4 c6 30. Bb3 Rxd1 31. Rxd1 Ne6 32. Rd7 Re7 33. Bxe6 fxe6 34. Rd8+ Kg7 35. Bc5 Rf7 36. Re8 Rd7 37. Rxe6 Kf7 38. Rd6 Rxd6 39. Bxd6 b5 40. axb5 axb5 41. Kg3 Kg6 42. Kf3 Bg7 43. Ke3 Bf6 44. Kd3 Bg7 45. f3 Bf6 46. Bc5 Bg7 47. Bf2 Bf6 48. c4 Bg7 49. h4 Bf6 1/2-1/2

[Event "CAN-ch U20 op"]
[Site "Toronto"]
[Date "2018.08.10"]
[Round "4.9"]
[White "James, Rowan"]
[Black "Qiao, Joey"]
[Result "1/2-1/2"]
[WhiteElo "1904"]
[BlackElo "1742"]
[PlyCount "84"]
[EventDate "2018.08.08"]
[EventType "swiss"]
[EventRounds "9"]
[EventCountry "CAN"]
[SourceTitle "EXT 2022"]
[Source "ChessBase"]
[SourceDate "2021.10.06"]
[SourceVersion "1"]
[SourceVersionDate "2021.10.06"]
[SourceQuality "1"]

1. e4 e5 2. Nf3 Nc6 3. Nc3 Nf6 4. a3 a6 5. d4 exd4 6. Nxd4 d6 7. Bc4 Be7 8. 0-0 0-0 9. Re1 Nxd4 10. Qxd4 b5 11. Ba2 Bb7 12. Nd5 Nxd5 13. Bxd5 Bxd5 14. Qxd5 Bf6 15. c3 Re8 16. Bf4 Be5 17. Be3 Qf6 18. Rad1 Rec8 19. Qc6 Qe6 20. f4 Bf6 21. Bd4 Bxd4+ 22. Rxd4 Qe8 23. Qd5 Rd8 24. Rdd1 Rab8 25. Qd3 Qc6 26. Re2 Re8 27. Kf2 Re7 28. Rdd2 Rbe8 29. Qd5 Qb6+ 30. Qd4 Qc6 31. Qd5 Qb6+ 32. Kf3 Re6 33. e5 dxe5 34. Rxe5 Rxe5 35. fxe5 Kf8 36. Rd4 Qe6 37. Qxe6 Rxe6 38. Rd7 Rc6 39. Ke4 Ke8 40. Rd4 Ke7 41. Kd5 Re6 42. c4 Rg6 1/2-1/2

[Event "CAN-ch U20 op"]
[Site "Toronto"]
[Date "2018.08.09"]
[Round "3.11"]
[White "Ning, Eric"]
[Black "James, Rowan"]
[Result "0-1"]
[WhiteElo "1955"]
[BlackElo "1904"]
[PlyCount "66"]
[EventDate "2018.08.08"]
[EventType "swiss"]
[EventRounds "9"]
[EventCountry "CAN"]
[SourceTitle "EXT 2022"]
[Source "ChessBase"]
[SourceDate "2021.10.06"]
[SourceVersion "1"]
[SourceVersionDate "2021.10.06"]
[SourceQuality "1"]

1. d4 d5 2. c4 e6 3. Nc3 Nf6 4. cxd5 exd5 5. Bg5 Be7 6. e3 0-0 7. Bd3 Nbd7 8. Nf3 c6 9. Qc2 Re8 10. 0-0-0 b5 11. Ne5 Nxe5 12. dxe5 Nd7 13. Bxh7+ Kh8 14. Bxe7 Qxe7 15. f4 f6 16. e4 fxe5 17. fxe5 Qxe5 18. exd5 Nf6 19. Rhf1 b4 20. Ne4 Ba6 21. Nxf6 gxf6 22. Rf5 Qe7 23. d6 Qxh7 24. Rxf6 Kg8 25. Rg6+ Kh8 26. Qf5 Rg8 27. Qf6+ Rg7 28. d7 Qxg6 29. d8Q+ Rxd8 30. Rxd8+ Kh7 31. Qf3 Qg5+ 32. Kb1 Qxd8 33. Qf5+ Kh8 0-1

[Event "Canadian op"]
[Site "Quebec"]
[Date "2018.07.13"]
[Round "8"]
[White "James, Rowan"]
[Black "Saha, Ananda"]
[Result "0-1"]
[WhiteElo "1823"]
[BlackElo "1950"]
[PlyCount "96"]
[EventDate "2018.07.07"]
[EventType "swiss"]
[EventRounds "9"]
[EventCountry "CAN"]
[SourceTitle "EXT 2019"]
[Source "ChessBase"]
[SourceDate "2018.10.10"]
[SourceVersion "1"]
[SourceVersionDate "2018.10.10"]
[SourceQuality "1"]

1. e4 c5 2. Nf3 e6 3. d3 d6 4. g3 Nf6 5. Bg2 Be7 6. 0-0 0-0 7. Nc3 Nc6 8. d4 cxd4 9. Nxd4 a6 10. Re1 Qc7 11. Be3 Ne5 12. a4 Bd7 13. h3 Rab8 14. f4 Nc4 15. b3 Nxe3 16. Rxe3 e5 17. Nde2 d5 18. fxe5 Qxe5 19. Qd4 Qxd4 20. Nxd4 Bc5 21. Rd1 dxe4 22. Nxe4 Nxe4 23. Rxe4 Bf5 24. Re2 Rfd8 25. c3 Be6 26. b4 Bb3 27. Ra1 Bxd4+ 28. cxd4 Rxd4 29. Bxb7 Rxb4 30. Bxa6 Bxa4 31. Rae1 Bd7 32. Kg2 g6 33. Bd3 Be6 34. Kh2 Rb3 35. Be4 Rc3 36. Re3 Rb2+ 37. Kg1 Rxe3 38. Rxe3 Bxh3 39. Bd5 Rd2 40. Bc4 Kg7 41. Be2 Be6 42. Kf1 h5 43. Rd3 Rxe2 44. Kxe2 Bc4 45. Kd2 Bxd3 46. Kxd3 Kf6 47. Ke4 Kg5 48. Kf3 f5 0-1

[Event "Canadian op"]
[Site "Quebec"]
[Date "2018.07.12"]
[Round "7"]
[White "Richardson, Kai"]
[Black "James, Rowan"]
[Result "0-1"]
[WhiteElo "1973"]
[BlackElo "1823"]
[PlyCount "36"]
[EventDate "2018.07.07"]
[EventType "swiss"]
[EventRounds "9"]
[EventCountry "CAN"]
[SourceTitle "EXT 2019"]
[Source "ChessBase"]
[SourceDate "2018.10.10"]
[SourceVersion "1"]
[SourceVersionDate "2018.10.10"]
[SourceQuality "1"]

1. d4 d5 2. c4 e6 3. Nc3 Nf6 4. g3 Be7 5. Nf3 0-0 6. b3 dxc4 7. bxc4 c5 8. d5 exd5 9. cxd5 b5 10. a3 b4 11. axb4 cxb4 12. Nb5 Ba6 13. e4 Nxe4 14. Qc2 Bf6 15. Ra4 Bxb5 16. Bxb5 Nc3 17. Qd3 a6 18. Rxb4 Qe7+ 0-1

[Event "Canadian op"]
[Site "Quebec"]
[Date "2018.07.08"]
[Round "2"]
[White "James, Rowan"]
[Black "Zhao, Jim"]
[Result "1/2-1/2"]
[WhiteElo "1823"]
[BlackElo "2169"]
[PlyCount "64"]
[EventDate "2018.07.07"]
[EventType "swiss"]
[EventRounds "9"]
[EventCountry "CAN"]
[SourceTitle "EXT 2019"]
[Source "ChessBase"]
[SourceDate "2018.10.10"]
[SourceVersion "1"]
[SourceVersionDate "2018.10.10"]
[SourceQuality "1"]

1. e4 c5 2. Nf3 a6 3. d3 b5 4. g3 Bb7 5. Bg2 d6 6. 0-0 Nf6 7. Nbd2 g6 8. Re1 Nbd7 9. c3 Bg7 10. d4 0-0 11. b3 e5 12. Bb2 cxd4 13. cxd4 exd4 14. Bxd4 Re8 15. e5 dxe5 16. Nxe5 Bxg2 17. Kxg2 Nxe5 18. Bxe5 Rxe5 19. Rxe5 Ng4 20. Qxg4 Bxe5 21. Rd1 Qd5+ 22. Ne4 Qc6 23. Qf3 Re8 24. Rd6 Qc8 25. Nf6+ Bxf6 26. Rxf6 Re7 27. Qc6 Qg4 28. Qa8+ Kg7 29. Rxa6 Re1 30. Qc6 Qe2 31. Qf6+ Kh6 32. Qh4+ Kg7 1/2-1/2

[Event "CAN-ch U14"]
[Site "Quebec"]
[Date "2018.07.03"]
[Round "4.43"]
[White "James, Rowan"]
[Black "Vijendra, Vinushan"]
[Result "1-0"]
[WhiteElo "1903"]
[BlackElo "1173"]
[PlyCount "75"]
[EventDate "2018.07.02"]
[EventType "swiss"]
[EventRounds "7"]
[EventCountry "CAN"]
[SourceTitle "EXT 2022"]
[Source "ChessBase"]
[SourceDate "2021.10.06"]
[SourceVersion "1"]
[SourceVersionDate "2021.10.06"]
[SourceQuality "1"]

1. e4 e5 2. Nf3 Nc6 3. Bc4 Bc5 4. d3 Nf6 5. Nc3 0-0 6. Bg5 Be7 7. 0-0 d6 8. h3 Be6 9. Bb3 Qd7 10. d4 Bxb3 11. axb3 h6 12. dxe5 Nxe5 13. Nxe5 dxe5 14. Qxd7 Nxd7 15. Bxe7 Rfe8 16. Nd5 Rac8 17. Bh4 c6 18. Ne7+ Kf8 19. Nf5 Re6 20. Rxa7 Nc5 21. f3 g5 22. Bf2 Na6 23. Rxb7 c5 24. Rd1 Kg8 25. Rbd7 Rf8 26. Ne7+ Kg7 27. Nd5 Rc6 28. Ne7 Re6 29. Nf5+ Kg6 30. R1d6 Rfe8 31. Rxe6+ Rxe6 32. Rd5 Kh7 33. Bxc5 Rc6 34. b4 Nxc5 35. Rxc5 Rb6 36. c3 Kg6 37. Rxe5 f6 38. Re7 1-0

[Event "British Columbia-Washington m-B"]
[Site "Victoria"]
[Date "2018.01.14"]
[Round "5"]
[White "James, Rowan"]
[Black "Shubin, Daniel"]
[Result "0-1"]
[WhiteElo "1889"]
[BlackElo "1954"]
[PlyCount "52"]
[EventDate "2018.01.12"]
[EventType "team"]
[EventRounds "5"]
[EventCountry "CAN"]
[SourceTitle "EXT 2022"]
[Source "ChessBase"]
[SourceDate "2021.10.06"]
[SourceVersion "1"]
[SourceVersionDate "2021.10.06"]
[SourceQuality "1"]

1. e4 e6 2. d4 d5 3. Nd2 Nf6 4. e5 Nfd7 5. Bd3 c5 6. c3 Nc6 7. Ne2 Qb6 8. Nf3 cxd4 9. cxd4 f6 10. exf6 Nxf6 11. 0-0 Bd6 12. a3 0-0 13. Re1 Bd7 14. Ng3 Kh8 15. Bc2 Rae8 16. Bg5 e5 17. dxe5 Nxe5 18. Nxe5 Bxe5 19. Qd3 Bb5 20. Qd1 Bxg3 21. hxg3 Rxe1+ 22. Qxe1 Ng4 23. Bf4 Rxf4 24. gxf4 Qh6 25. Bd3 Qh2+ 26. Kf1 Bxd3+ 0-1

[Event "British Columbia-Washington m-B"]
[Site "Victoria"]
[Date "2018.01.13"]
[Round "3"]
[White "James, Rowan"]
[Black "Setiadikurnia, Sloan Christopher"]
[Result "0-1"]
[WhiteElo "1889"]
[BlackElo "1981"]
[PlyCount "50"]
[EventDate "2018.01.12"]
[EventType "team"]
[EventRounds "5"]
[EventCountry "CAN"]
[SourceTitle "EXT 2022"]
[Source "ChessBase"]
[SourceDate "2021.10.06"]
[SourceVersion "1"]
[SourceVersionDate "2021.10.06"]
[SourceQuality "1"]

1. e4 e5 2. Nf3 Nc6 3. Nc3 Nf6 4. a3 d5 5. Bb5 Nxe4 6. Qe2 Nxc3 7. Qxe5+ Be7 8. Bxc6+ bxc6 9. dxc3 0-0 10. 0-0 Bd6 11. Qe2 Bg4 12. Qd3 h6 13. Nd4 Re8 14. Be3 Qd7 15. Qd2 c5 16. Nb3 c4 17. Na5 c6 18. h3 Bxh3 19. gxh3 Qxh3 20. Bf4 Bxf4 21. Qxf4 Re4 22. Qh2 Rg4+ 23. Qg3 Rxg3+ 24. fxg3 Qxg3+ 25. Kh1 Re8 0-1

[Event "Victoria Taylor Memorial"]
[Site "Victoria"]
[Date "2017.11.18"]
[Round "2"]
[White "Moore, Harry"]
[Black "James, Rowan"]
[Result "1-0"]
[WhiteElo "2205"]
[BlackElo "1884"]
[PlyCount "67"]
[EventDate "2017.11.17"]
[EventType "swiss"]
[EventRounds "5"]
[EventCountry "CAN"]
[SourceTitle "EXT 2022"]
[Source "ChessBase"]
[SourceDate "2021.10.06"]
[SourceVersion "1"]
[SourceVersionDate "2021.10.06"]
[SourceQuality "1"]

1. Nf3 d5 2. g3 Nf6 3. Bg2 c5 4. 0-0 e6 5. c4 Nc6 6. d4 dxc4 7. Qa4 Bd7 8. Qxc4 cxd4 9. Nxd4 Nxd4 10. Qxd4 Bc6 11. Bxc6+ bxc6 12. Qa4 Qb6 13. Be3 Qb5 14. Nc3 Qxa4 15. Nxa4 Ng4 16. Bd4 e5 17. Bc3 Bd6 18. Rac1 c5 19. Bd2 Rc8 20. b4 c4 21. Nb2 0-0 22. Nxc4 Bb8 23. b5 Rfd8 24. Ba5 Re8 25. Bb4 e4 26. Nd6 Bxd6 27. Bxd6 e3 28. f3 Nf6 29. Rc5 Nd7 30. Rc6 Nb8 31. Bxb8 Rxc6 32. bxc6 Rxb8 33. c7 Rc8 34. Rd1 1-0

[Event "Canadian op U2000"]
[Site "Windsor"]
[Date "2016.07.17"]
[Round "9.27"]
[White "Su, Michael"]
[Black "James, Rowan"]
[Result "1-0"]
[WhiteElo "1881"]
[BlackElo "1766"]
[PlyCount "53"]
[EventDate "2016.07.10"]
[EventType "swiss"]
[EventRounds "9"]
[EventCountry "CAN"]
[SourceTitle "EXT 2022"]
[Source "ChessBase"]
[SourceDate "2021.10.06"]
[SourceVersion "1"]
[SourceVersionDate "2021.10.06"]
[SourceQuality "1"]

1. d4 d5 2. Nf3 Nf6 3. e3 e6 4. Bd3 c5 5. b3 Nbd7 6. 0-0 Be7 7. Bb2 0-0 8. Nbd2 b6 9. Ne5 Nxe5 10. dxe5 Nd7 11. f4 f6 12. exf6 Bxf6 13. Bxf6 Rxf6 14. e4 Rh6 15. Nf3 Rf6 16. Ng5 Rh6 17. exd5 Nf8 18. Bc4 Qf6 19. dxe6 Bxe6 20. Nxe6 Nxe6 21. f5 Qe5 22. Bxe6+ Kh8 23. g3 Qe3+ 24. Rf2 g6 25. Qf3 Qxf3 26. Rxf3 Rd8 27. Raf1 1-0

[Event "THA-chT"]
[Site "Bangkok"]
[Date "2015.12.06"]
[Round "5.3"]
[White "James, Rowan"]
[Black "Sutthithamwasi, Nut"]
[Result "1-0"]
[WhiteElo "1588"]
[BlackElo "1929"]
[PlyCount "101"]
[EventDate "2015.12.04"]
[EventType "team-swiss"]
[EventRounds "9"]
[EventCountry "THA"]
[SourceTitle "EXT 2017"]
[Source "ChessBase"]
[SourceDate "2016.10.25"]
[SourceVersion "1"]
[SourceVersionDate "2016.10.25"]
[SourceQuality "1"]
[WhiteTeam "IWICA II"]
[BlackTeam "Din Daeng II"]
[WhiteTeamCountry "THA"]
[BlackTeamCountry "THA"]

1. e4 e5 2. Nf3 Nc6 3. Bc4 Nf6 4. d3 Bc5 5. c3 d6 6. Nbd2 0-0 7. Bb3 Bg4 8. h3 Bh5 9. Nf1 d5 10. Qe2 dxe4 11. dxe4 Bg6 12. Ng3 Nh5 13. Nxh5 Bxh5 14. 0-0 h6 15. Be3 Bb6 16. Bxb6 axb6 17. g4 Bg6 18. Nd2 Qh4 19. Kg2 Ne7 20. f4 exf4 21. Rxf4 Qg5 22. Raf1 Qc5 23. Qf3 Rad8 24. Rf2 Qe5 25. Bxf7+ Rxf7 26. Rxf7 Rxd2 27. Rxg7+ Qxg7 28. Rxd2 Nc6 29. Qf4 Kh7 30. Kh2 Qe7 31. e5 Be8 32. Qf5+ Kg7 33. e6 Qg5 34. Qxg5+ hxg5 35. Rd5 Kg6 36. Kg3 Ne7 37. Re5 Kf6 38. Re1 b5 39. a3 Bc6 40. h4 gxh4+ 41. Kxh4 Ng6+ 42. Kg3 Ne7 43. Kh4 Ng6+ 44. Kh5 Nf4+ 45. Kh6 Nxe6 46. Rf1+ Ke5 47. g5 Nc5 48. g6 Bd5 49. g7 Nd7 50. Kg6 Nc5 51. Rf7 1-0

[Event "THA-chT"]
[Site "Bangkok"]
[Date "2015.12.04"]
[Round "1.3"]
[White "James, Rowan"]
[Black "Mekarapiruk, Chawit"]
[Result "1-0"]
[WhiteElo "1588"]
[BlackElo "1321"]
[PlyCount "55"]
[EventDate "2015.12.04"]
[EventType "team-swiss"]
[EventRounds "9"]
[EventCountry "THA"]
[SourceTitle "EXT 2017"]
[Source "ChessBase"]
[SourceDate "2016.10.25"]
[SourceVersion "1"]
[SourceVersionDate "2016.10.25"]
[SourceQuality "1"]
[WhiteTeam "IWICA II"]
[BlackTeam "IWICA"]
[WhiteTeamCountry "THA"]
[BlackTeamCountry "THA"]

1. e4 e5 2. Nf3 Nc6 3. Bc4 Nf6 4. d3 Be7 5. c3 d5 6. exd5 Nxd5 7. 0-0 Nb6 8. Bb5 Bd6 9. Re1 Bg4 10. d4 0-0 11. Bxc6 bxc6 12. dxe5 Bxe5 13. Qxd8 Raxd8 14. Nxe5 Rfe8 15. f3 Bc8 16. Kf2 Bb7 17. Nd2 Na4 18. Ndc4 Nc5 19. Be3 Nd3+ 20. Nxd3 Rxd3 21. Bd4 Rd8 22. Ke2 R3xd4 23. cxd4 Rxd4 24. Rad1 Rxd1 25. Kxd1 Kf8 26. Kd2 Ba6 27. Na5 Bb5 28. Rc1 1-0

[Event "CAN-ch U10"]
[Site "Windsor"]
[Date "2015.07.07"]
[Round "2.103"]
[White "James, Rowan"]
[Black "Derevyanko, Andrew"]
[Result "1-0"]
[WhiteElo "1682"]
[BlackElo "842"]
[PlyCount "27"]
[EventDate "2015.07.06"]
[EventType "swiss"]
[EventRounds "7"]
[EventCountry "CAN"]
[SourceTitle "EXT 2022"]
[Source "ChessBase"]
[SourceDate "2021.10.06"]
[SourceVersion "1"]
[SourceVersionDate "2021.10.06"]
[SourceQuality "1"]

1. e4 e5 2. Nf3 Nc6 3. Bc4 Bc5 4. c3 Qf6 5. 0-0 Nge7 6. d3 Na5 7. b4 Nxc4 8. dxc4 d6 9. bxc5 dxc5 10. Bg5 Qg6 11. Bxe7 Bh3 12. Nh4 Qh6 13. gxh3 Kxe7 14. Nf5+ 1-0

[Event "CAN-ch U08"]
[Site "Ottawa"]
[Date "2013.07.10"]
[Round "2"]
[White "James, Rowan"]
[Black "Issani, Nameer"]
[Result "1/2-1/2"]
[WhiteElo "1072"]
[BlackElo "1425"]
[PlyCount "114"]
[EventDate "2013.07.10"]
[EventType "swiss"]
[EventRounds "6"]
[EventCountry "CAN"]
[SourceTitle "EXT 2022"]
[Source "ChessBase"]
[SourceDate "2021.10.06"]
[SourceVersion "1"]
[SourceVersionDate "2021.10.06"]
[SourceQuality "1"]

1. e4 e5 2. Nf3 Nc6 3. Bc4 Bc5 4. c3 Nf6 5. d4 exd4 6. cxd4 Bb4+ 7. Bd2 Bxd2+ 8. Nbxd2 Qe7 9. 0-0 0-0 10. h3 Re8 11. e5 Nh5 12. Re1 Nf4 13. Re4 Ng6 14. d5 Ncxe5 15. Nxe5 Nxe5 16. f4 Qc5+ 17. Kh1 b5 18. Bb3 Bb7 19. Rxe5 Rxe5 20. fxe5 Re8 21. Nf3 a5 22. Rc1 Qb6 23. a4 c6 24. dxc6 Bxc6 25. axb5 Qxb5 26. Nd4 Qxe5 27. Nxc6 dxc6 28. Qd7 g6 29. Qxc6 Kh8 30. Qc5 Qg7 31. Rf1 f5 32. g4 Rf8 33. Ba4 Qb7+ 34. Bc6 Rc8 35. Bxb7 Rxc5 36. Bg2 fxg4 37. hxg4 Rb5 38. Rf2 Rb4 39. Bh3 Kg7 40. Kg2 Kh6 41. Rc2 a4 42. Kf2 Kg5 43. Kg2 Kh4 44. Kh2 Rb3 45. Bg2 Kxg4 46. Rc4+ Kf5 47. Rxa4 Rxb2 48. Kg3 Rb3+ 49. Bf3 g5 50. Ra5+ Kg6 51. Ra6+ Kf5 52. Rh6 g4 53. Rh5+ Kg6 54. Kxg4 Rxf3 55. Rxh7 Ra3 56. Rh3 Ra4+ 57. Kf3 Kf5 1/2-1/2